书目信息 |
| 题名: |
快乐生活
|
|
| 作者: | 陈蕾 主编 ;红缨学前教育集团 编 | |
| 分册: | ||
| 出版信息: | 杭州 浙江大学出版社 2008.10 |
|
| 页数: | 277页 | |
| 开本: | 25cm | |
| 丛书名: | ||
| 单 册: | ||
| 中图分类: | I247.8 | |
| 科图分类: | ||
| 主题词: | 故事--gu shi--中国--当代--作品集 | |
| 电子资源: | ||
| ISBN: | 978-7-308-06257-2 | |
| 000 | 00968nam0 2200253 450 | |
| 001 | 012009507746 | |
| 005 | 20090505170648.43 | |
| 010 | @a978-7-308-06257-2@dCNY32.00 | |
| 100 | @a20090505d2008 em y0chi0120 ea | |
| 101 | 0 | @achi |
| 102 | @aCN@b330000 | |
| 105 | @ay z 000fy | |
| 106 | @ar | |
| 200 | 1 | @a快乐生活@Akuai le sheng huo@e孩子和我的100个小故事@f红缨学前教育集团编@Fhong ying xue qian jiao yu ji tuan bian@g陈蕾主编@Gchen lei zhu bian |
| 210 | @a杭州@c浙江大学出版社@d2008.10 | |
| 215 | @a277页@d25cm | |
| 330 | @a本书主要内容包括:苦乐五十年,你快乐,所以我快乐,长一双发现快乐的眼睛,跨过快乐的绊脚石,每天都在享受快乐等。 | |
| 517 | 1 | @a孩子和我的100个小故事@Ahai zi he wo de 100 ge xiao gu shi |
| 606 | 0 | @a故事@Agu shi@y中国@z当代@j作品集 |
| 690 | @aI247.8@v4 | |
| 701 | 0 | @a陈蕾@Achen lei@4主编 |
| 712 | 02 | @a红缨学前教育集团@Ahong ying xue qian jiao yu ji tuan@4编 |
| 801 | 0 | @aCN@bQSSK@c20090505 |
| 905 | @b742794-96@dI247.8@eC503@f3 | |
| 快乐生活:孩子和我的100个小故事/红缨学前教育集团编/陈蕾主编.-杭州:浙江大学出版社,2008.10 |
| 277页;25cm |
| ISBN 978-7-308-06257-2:CNY32.00 |
| 本书主要内容包括:苦乐五十年,你快乐,所以我快乐,长一双发现快乐的眼睛,跨过快乐的绊脚石,每天都在享受快乐等。 |
| ● |
| 相关链接 |
|
|
|
正题名:快乐生活
索取号:I247.8/C503
 
预约/预借
| 序号 | 登录号 | 条形码 | 馆藏地/架位号 | 状态 | 备注 |
| 1 | 742794 | 207427943 | 文学库108/108文学库 63排4列2层/ [索取号:I247.8/C503] | 在馆 | |
| 2 | 742795 | 207427952 | 文学库108/108文学库 63排4列2层/ [索取号:I247.8/C503] | 在馆 | |
| 3 | 742796 | 207427961 | 文学库108/108文学库 63排4列2层/ [索取号:I247.8/C503] | 在馆 |